000
00253nam a2200097Ia 4500
008
220204s9999 xx 000 0 und d
082
_a
006:017
_b
DIN
245
0
_a
DIN catalogue for technical rules 1999. V 3
260
_a
Berlin
_b
Beuth
_c
1999
942
_c
REF
999
_c
41696
_d
41696